Original Six NHL teams. - Statistics

General Stats
  • This quiz has been taken 796 times
  • The average score is 5 of 6
Answer Stats
Hint Answer % Correct
Poke the bear Boston Bruins
92%
Habs Montreal Candiens
90%
Big Apple New York Rangers
86%
1967 Toronto Maple Leafs
78%
Motown Detroit Red Wings
76%
Hull Brothers Chicago Blackhawks
68%
No matching quizzes found
Score Distribution
Percent of People with Each Score
Percentile by Number Answered
Your Score History
You have not taken this quiz